| 000 | 00566nam a2200169 a 4500 | ||
|---|---|---|---|
| 005 | 20140412111232.0 | ||
| 008 | 010522s19uu xx 00 eng d | ||
| 020 | _a1-878624-30-X | ||
| 050 |
_aTR(PS E _bOp1 1988 |
||
| 100 | _aAlthea | ||
| 245 |
_aOpposites of things / _cby Althea; pictures by Frances Cony. |
||
| 260 |
_aNew York : _bMcClanahan Book Company Inc, _c1988. |
||
| 300 | _a1v. (unp.) ; ill. | ||
| 520 | _aYes and no are words which have opposite meaning. See how many opposite words you can find in this book. | ||
| 650 | _aTitle | ||
| 999 |
_c102223 _d102223 |
||